| 000 | 00731nam a2200265Ia 4500 | ||
|---|---|---|---|
| 003 | OSt | ||
| 005 | 20220918164604.0 | ||
| 006 | a|||||r|||| 00| 0 | ||
| 007 | ta | ||
| 008 | 220917b |||||||| |||| 00| 0 eng d | ||
| 020 | _a0691096120 | ||
| 024 | _a222,859 | ||
| 037 | _cTextual | ||
| 040 |
_aARTS _cARTS _beng |
||
| 041 |
_2eng _aeng |
||
| 082 | _aO111,6M17:g, P4 | ||
| 100 |
_aThoreau Henry D. _916454 |
||
| 245 | 0 | _aWalden | |
| 260 |
_aNew Jersey _b Princeton Univ. Press USA _c2004 |
||
| 300 |
_a352p _ccm. |
||
| 650 | _aENGLISH LITERATURE | ||
| 700 |
_a Shanley J. Lyndon Ed. _919605 |
||
| 942 |
_hO111,6M17:g, P4 _cTEXL _2CC |
||
| 999 |
_c125466 _d125466 |
||